00990nam a22003017a 4500001000400000003000600004005001700010008004100027020001800068040003000086042000800116050002200124082001600146100002100162245006500183264005700248300002200305336002600327337002800353338002700381500002000408505000600428520013500434521001800569521001800587650004400605710003900649394FISKH20231211141228.0230406b cb ||||| |||| 00| 0 eng d a9780545451581 aDLCbengerdacDLCdFISKH apcc00aQL100b.D434 202300a591.6/5223 aStewart, Melissa10aDeadliest animals on the planet /cNational Geographic Kids. 1aWashington, D.C. :bNational Geographic Kids,c2023. a48 pages.c23 cm. atextbtxt2rdacontent aunmediatedbn2rdamedia avolumebnc2rdacarrier aIncludes index. aS a"Meet the world's most dangerous animals and mind-blowing stuff about them in this furr-ocious new book"--cProvided by publisher. a940 bLexile aS bRaz-Plus 0aDangerous animalsvJuvenile literature.2 aNational Geographic Society (U.S.)